00423nam a2200133Ia 4500008004100000020002200041082001600063100002000079245011000099250000800209260004000217300001100257600002100268250916s9999 xx 000 0 und d a978-1-119-74174-9 a006.312 GUT aGutman, Alex J. 0aBecoming a data head:bhow to think, speak, and understand data science, statistics, and machine learning a1st aNew York:bJohn Wiley & Sons,c2021 a226 p. aComputer Science